Szczegóły MARC21

Essential introductory linguistics /

003 -Nazwa inst., której nr kontr. jest w polu 001 [,]
    • @
    • Nazwa instytucji, której n kontrolny jest w polu 001
    • NUKAT
005 -DATA I CZAS OSTATNIEJ MODYFIKACJI [,]
    • @
    • pole kontrolne
    • 20241231093730.0
020 -Międzynarod. znormalizowany nr książki - ISBN [ , ]
    • a
    • Numer ISBN
    • 0631203036 Find
    • q
    • Dopowiedzenie
    • hbk: alk. paper
020 -Międzynarod. znormalizowany nr książki - ISBN [ , ]
    • a
    • Numer ISBN
    • 0631203044 Find
    • q
    • Dopowiedzenie
    • pbk: alk. paper
040 -Instytucja sporządzająca opis [ , ]
    • a
    • Instytucja, która sporządziła opis (NP)
    • WA U/56BP
    • c
    • Instytucja, która sporządziła rekord (NP)
    • WA U/BPs
    • d
    • Instytucja, która zmodyfikowała rekord (P)
    • WA U/BP
942 -Rodzaj dokumentu [ , ]
    • c
    • Rodzaj dokumentu
    • Książka
100 -Hasło główne - nazwa osobowa [1, ]
    • a
    • Nazwa osobowa (NP)
    • Hudson, Grover
    • d
    • Daty biograficzne (NP)
    • (1940-2022).
    • 9
    • KHW
    • 645102
245 -Strefa tytułu i oznaczenia odpowiedzialności [1,0]
    • a
    • Tytuł
    • Essential introductory linguistics / Find
    • c
    • Pozostałe elementy strefy tytułu i oznaczenia odpowiedzialności (NP)
    • Grover Hudson.
250 -Strefa wydania [ , ]
    • a
    • Oznaczenie wydania (NP)
    • Repr.
260 -Strefa adresu wydawniczego [ , ]
    • a
    • Miejsce wydania (P)
    • Malden ;
    • a
    • Miejsce wydania (P)
    • Oxford :
    • b
    • Nazwa wydawcy (P)
    • Blackwell Publishers,
    • c
    • Data wydania (P)
    • 2000.
300 -Strefa opisu fizycznego [ , ]
    • a
    • Określenie formy książki i/lub objętość (NP)
    • XV, [1], 533 s. :
    • b
    • Oznaczenie ilustracji (NP)
    • il. ;
    • c
    • Format (NP)
    • 25 cm.
336 -Typ zawartości [ , ]
    • a
    • Termin opisujący typ zawartości
    • Tekst
    • b
    • Kod określający zawartość
    • txt
    • 2
    • Źródło (terminu i kodu)
    • rdacontent
337 -Typ mediów [ , ]
    • a
    • Tryb odtwarzania
    • Bez urządzenia pośredniczącego
    • b
    • Kod typu mediów
    • n
    • 2
    • Źródło (terminu i kodu)
    • rdamedia
338 -Typ/rodzaj nośnika [ , ]
    • a
    • Hasło opisujące typ nośnika
    • Wolumin
    • b
    • Kod typu nośnika
    • nc
    • 2
    • Źródło (terminu i kodu)
    • rdacarrier
504 -Uwaga dot. bibliogr. załącznikowej [ , ]
    • a
    • Uwaga dot. bibliografii załącznikowej
    • Bibliogr. s. 505-516. Indeks.
080 -Uniwersalna Klasyfikacja Dziesiętna [ , ]
    • a
    • Symbol klasyfikacji
    • 800/801=20
650 -Hasło przedmiotowe [ ,7]
    • a
    • Hasło przedmiotowe
    • Językoznawstwo.
    • 2
    • Źródło terminu
    • kaba
    • 9
    • KHW
    • 113643
980 -Symbol UKD [ , ]
    • a
    • UKD
    • 800/801=20
710 -Hasło dodatkowe - nazwa ciała zbiorowego [2, ]
    • a
    • Nazwa ciała zbiorowego lub nazwa geograficzna jako pierwszy element (NP)
    • Blackwell Publishers.
    • 4
    • Kod relacji
    • pbl
    • 9
    • KHW
    • 89529
920 -ISBN [ , ]
    • a
    • ISBN
    • 0631203036 Find
    • q
    • Dopowiedzenie
    • hbk: alk. paper
920 -ISBN [ , ]
    • a
    • ISBN
    • 0631203044 Find
    • q
    • Dopowiedzenie
    • pbk: alk. paper
Data inwentaryzacji Lokalizacja Numer inwentarzowy Status udost. Sygnatura
2000-09-27BMA.58731ANG. Językoznawstwo 001